| 000 | 00601cab a2200205 4500 | ||
|---|---|---|---|
| 001 | WB3237-22 | ||
| 008 | 090401t1996 xxu||||| |||| 00| 0 eng d | ||
| 035 | _a(Sirsi) u13669 | ||
| 041 | _aeng | ||
| 245 | _aFlat agents in fraud probe | ||
| 260 | _c1996 | ||
| 350 | _a0 | ||
| 490 |
_aObserver _v29 September 1996, 10(2) |
||
| 520 | _aThe DSS are investigating a number of letting companies that have folded or disappeared owning money to clients. | ||
| 650 | _aACCOMMODATION AGENCIES ACT 1953 | ||
| 650 | _aRESIDENTIAL LETTING AGENTS | ||
| 690 | _aHOUSING | ||
| 942 | _n0 | ||
| 948 | _c04/03/1997 | ||
| 999 |
_c8798 _d8798 |
||